000 00714nam a22001937a 4500
001 HIN-125851
003 dpl
005 20230911173630.0
008 230906b |||||||| |||| 00| 0 eng d
010 _aHN-98197
020 _a9788188364190
040 _cDBAD/PUB
082 _2
_a570
100 _aमोहन, कृष्ण
_956005
245 _aमानव जगत के रोचक रहस्य/
_hहिंदी
260 _a950/25, चिन्योट कॉलोनी, रोहतक-124001
_bमानसीं साहित्य संस्थान
_c2012
300 _a80 प.
_c25 सेमी (सजिल्द)
942 _2ddc
_cHN
_h570
_mमोहन
999 _c197938
_d197938